| 000 | 00637nam a2200181 a 4500 | ||
|---|---|---|---|
| 001 | 000025846 | ||
| 005 | 20200930024108.0 | ||
| 008 | 110217s1957 pr r 000 | spa d | ||
| 040 |
_aDO-SdBNP _bspa _cBNPHU |
||
| 082 |
_aPR862.44 _bB352t |
||
| 100 | 1 |
_aBautista Pagán, Juan, _939162 |
|
| 245 | 1 | 0 |
_aTeatro : _bpiezas : El rey destronado. El círculo de tiza. El gallo de Eusculapio. Angel. La libertadora. / _cJuan Bautista Pagán. |
| 260 |
_aSan Juan, (Puerto Rico) : _bClub de la Prensa, _c1957. |
||
| 300 |
_a188 p. ; _c20 cm. |
||
| 650 | 4 |
_aTeatro puertorriqueño _94514 |
|
| 650 | 4 |
_aLiteratura puertorriqueña _9250 |
|
| 049 | _aBNGR | ||
| 999 |
_c25338 _d25338 |
||